| 000 | 00000nam##2200000za#4500 |
| 001 | 9.695748 |
| 003 | CaOODSP |
| 005 | 20210927150503 |
| 007 | cr ||||||||||| |
| 008 | 150407|2010||||xxc|||||o f|0| 0 eng|d |
| 040 | |aCaOODSP|beng |
| 043 | |an-cn--- |
| 086 | 1 |aR44-1/2010E-PDF |
| 110 | 1 |aCanada. |bIndian and Northern Affairs Canada. |
| 245 | 10|aFirst nation and Inuit community well-being : |h[electronic resource]|bdescribing historical trends (1981-2006) |
| 260 | |aOttawa - Ontario : |bIndian and Northern Affairs |cApril 2010. |
| 300 | |a27p.|bgraphs, table |
| 590 | |a12-05-Supp|b2012-03-02 |
| 690 | 07|aIndigenous affairs|2gcpds |
| 690 | 07|aCommunity development|2gcpds |
| 690 | 07|aIndexes|2gcpds |
| 775 | 08|tLe bien-être des collectivités des Premières nations et inuites : |w(CaOODSP)9.639870 |
| 856 | 40|ahttp://publications.gc.ca|qPDF|s189 KB|uhttps://publications.gc.ca/collections/collection_2012/aadnc-aandc/R44-1-2010-eng.pdf |